1218 1477 1805 1920 1650 1698 1312 1546 1113 1265 1751 1387 1000 1588 1626 1669 1468 1569 1686 1061 1158 1176 1182 1207 1048 1532 1591 1912 1355 1861 1700 1825 1676 1441 1883 1698 1261 1512 1595 1738 1193 1443 1189 1376 1854 1527 1767 1723 1746 1805 1666 1670 1376 1369 1901 1615 1378 1878 1412 1113 1491 1820 1992 1701 1706 1365 1007 1298 1216 1354 1776 1211 1026 1721 1343 1704 1474 1091 1065 1201 1297 1142 1602 1688 1108 1935 1010 1037 1234 1475 1593 1411 1702 1532 1294 1538 1300 1896 1121 BCNSPRNW ULIB Ver.6.0+V

เปลี่ยนเป็นภาษาไทย

Change to English
 แสดงรายละเอียดบรรณานุกรม
  กลับหน้าหลัก

Brief Record : Get Marc (ISO 2709) : E-mail record : QR code < ปิดหน้าต่าง
LEADER : 00000nam 2200000uu 4500
001    13399128493
003     ULIB
008    230830s2565||||th 000 0 tha d
020    ^a9786164262782
050  4 ^aHA35^bป533ส
100 0  ^aปัทมา สุพรรณกุล
245 10 ^aสถิติประยุกต์สำหรับงานวิจัยด้านสาธารณสุข /^cปัทมา สุพรรณกุล
250    ^aพิมพ์ครั้งที่ 3
260    ^aพิษณุโลก :^bสำนักพิมพ์มหาวิทยาลัยนเรศวร,^c2565
300    ^a238 หน้า :^bภาพประกอบ ;^c26 ซม.
504    ^aมีบรรณานุกรมและดัชนี
650  4 ^aคณิตศาสตร์สถิติ
650  4 ^aสถิติวิเคราะห์
650  4 ^aสถิติศาสตร์
650  4 ^aสาธารณสุข^xวิจัย
945    ^p280^l0^i010251
945    ^p280^l0^i010252
945    ^p280^l0^i010253
999    ^aประนอม เกษจรัล
รายการนี้ยังไม่มีแท็ก
คุณยังไม่ได้ล็อกอิน คุณสามารถมีกิจกรรมร่วมกับเว็บไซต์ได้ แต่ต้องล็อกอินก่อน ::
  ล็อกอิน

รายการสื่อสารสนเทศ

ลำดับที่ ประเภท เลขเรียก/บาร์โค้ด สถานที่ สถานะ
1. การศึกษาทั่วไป
หนังสือสำรอง
สถานะ=หนังสือสำรอง
HA35 ป533ส ฉ.1 
  Barcode: 010251
ห้องสมุดวิทยาเขตสวรรค์ประชารักษ์
►หนังสือทั่วไป
บนชั้น
2. การศึกษาทั่วไป
การศึกษาทั่วไป
HA35 ป533ส ฉ.2 
  Barcode: 010252
ห้องสมุดวิทยาเขตสวรรค์ประชารักษ์
►หนังสือทั่วไป
บนชั้น
3. การศึกษาทั่วไป
การศึกษาทั่วไป
HA35 ป533ส ฉ.3 
  Barcode: 010253
ห้องสมุดวิทยาเขตสวรรค์ประชารักษ์
►หนังสือทั่วไป
บนชั้น

รายการใกล้เคียง
    ผู้แต่ง [ปัทมา สุพรรณกุล]

    หัวเรื่อง [คณิตศาสตร์สถิติ]
    หัวเรื่อง [สถิติวิเคราะห์]
    หัวเรื่อง [สถิติศาสตร์]
    หัวเรื่อง [สาธารณสุข วิจัย]

BibComment


ยังไม่เคยถูกคอมเมนท์

คอมเมนท์ทรัพยากรรายการนี้
  คอมเมนท์: สถิติประยุกต์สำห..


 Copyright 2026. Bcnsprnw @Library